| 000 | 00429nam a2200181Ia 4500 | ||
|---|---|---|---|
| 008 | 180207s9999 xx 000 0 und d | ||
| 020 | _a9780375833188 | ||
| 050 | _bM266 2005 | ||
| 100 | _aMan-Kong, Mary | ||
| 245 | _aFairytopia / | ||
| 245 | _cby Mary Man-Kong. | ||
| 260 | _aNew York : | ||
| 260 | _bRandom House, Inc., | ||
| 260 | _c2005 | ||
| 300 | _aunpaged : | ||
| 300 | _bcolor illustration ; | ||
| 300 | _c20cm. | ||
| 999 |
_c355763 _d355763 |
||